[Event "Maastricht Limburg op-B 8th"]
[Site "Maastricht"]
[Date "2014.06.08"]
[Round "4"]
[White "Janse, Alexander"]
[Black "Taverniers, Peter"]
[Result "1-0"]
[WhiteElo "1584"]
[BlackElo "1686"]
[PlyCount "47"]
[EventDate "2014.06.06"]
[EventType "swiss"]
[EventRounds "7"]
[EventCountry "NED"]
[SourceTitle "EXT 2015"]
[Source "ChessBase"]
[SourceDate "2014.11.20"]
[SourceVersion "1"]
[SourceVersionDate "2014.11.20"]
[SourceQuality "1"]

1. e4 e5 2. Nf3 d6 3. d4 exd4 4. Nxd4 Nf6 5. Nc3 Be7 6. f3 Bd7 7. Be3 Nc6 8. Qd2 0-0 9. 0-0-0 Nxd4 10. Bxd4 c5 11. Bxf6 Bxf6 12. Nd5 Bc6 13. Nxf6+ Qxf6 14. Qxd6 Qxd6 15. Rxd6 Rad8 16. Rxd8 Rxd8 17. Be2 Kf8 18. Rd1 Rxd1+ 19. Kxd1 g5 20. Kd2 Ke7 21. g3 h6 22. Bc4 Ba4 23. c3 b6 24. Bf1 1-0

[Event "Maastricht Limburg op-B 7th"]
[Site "Maastricht"]
[Date "2013.05.18"]
[Round "2"]
[White "Taverniers, Peter"]
[Black "De Schepper, Marcel"]
[Result "1-0"]
[WhiteElo "1718"]
[BlackElo "1728"]
[PlyCount "37"]
[EventDate "2013.05.17"]
[EventType "swiss"]
[EventRounds "7"]
[EventCountry "NED"]
[SourceTitle "EXT 2014"]
[Source "ChessBase"]
[SourceDate "2013.11.20"]
[SourceVersion "1"]
[SourceVersionDate "2013.11.20"]
[SourceQuality "1"]

1. c4 Nf6 2. Nc3 e6 3. g3 d5 4. cxd5 exd5 5. d4 Be7 6. Bg2 0-0 7. Nf3 h6 8. 0-0 Be6 9. Qb3 b6 10. Ne5 c6 11. Qc2 Qc7 12. Nd3 Nbd7 13. Nf4 Rac8 14. Nxe6 fxe6 15. Qg6 Kh8 16. Bh3 e5 17. Bf5 exd4 18. Bxh6 gxh6 19. Qxh6+ 1-0

[Event "Maastricht Limburg op-B 7th"]
[Site "Maastricht"]
[Date "2013.05.17"]
[Round "1"]
[White "Johansson, Mattias"]
[Black "Taverniers, Peter"]
[Result "1/2-1/2"]
[WhiteElo "1888"]
[BlackElo "1718"]
[PlyCount "34"]
[EventDate "2013.05.17"]
[EventType "swiss"]
[EventRounds "7"]
[EventCountry "NED"]
[SourceTitle "EXT 2014"]
[Source "ChessBase"]
[SourceDate "2013.11.20"]
[SourceVersion "1"]
[SourceVersionDate "2013.11.20"]
[SourceQuality "1"]

1. e4 d6 2. d4 Nf6 3. Nc3 Nbd7 4. Be3 e5 5. Qd2 Be7 6. f3 0-0 7. 0-0-0 a6 8. Bc4 b5 9. Bb3 exd4 10. Bxd4 c5 11. Bxf6 Nxf6 12. Bd5 Rb8 13. Kb1 b4 14. Nce2 Nxd5 15. exd5 c4 16. Nd4 Bd7 17. Qf4 Qc7 1/2-1/2

[Event "Maastricht Limburg op-B 5th"]
[Site "Maastricht"]
[Date "2011.06.10"]
[Round "1"]
[White "Blijlevens, Pim"]
[Black "Taverniers, Peter"]
[Result "1-0"]
[WhiteElo "1920"]
[BlackElo "1785"]
[PlyCount "83"]
[EventDate "2011.06.10"]
[EventType "swiss"]
[EventRounds "7"]
[EventCountry "NED"]
[SourceTitle "EXT 2012"]
[Source "ChessBase"]
[SourceDate "2011.11.24"]
[SourceVersion "1"]
[SourceVersionDate "2011.11.24"]
[SourceQuality "1"]

1. d4 Nf6 2. Bg5 c6 3. Nf3 Qb6 4. Qc1 Ne4 5. Bf4 d5 6. e3 Bf5 7. Be2 e6 8. 0-0 Be7 9. Nbd2 Nxd2 10. Nxd2 0-0 11. c4 Nd7 12. c5 Qd8 13. b4 Bg5 14. Bd6 Be7 15. Bf4 Bg5 16. a4 Bxf4 17. exf4 g5 18. g4 Bg6 19. Nf3 gxf4 20. Qxf4 Nf6 21. Ne5 Nd7 22. Ra3 Nxe5 23. Qxe5 Qe7 24. f4 f6 25. Qe3 Be4 26. b5 Rf7 27. Bd3 Bxd3 28. Rxd3 Rg7 29. Qe2 cxb5 30. axb5 Qd7 31. Kh1 a6 32. Ra3 e5 33. fxe5 fxe5 34. bxa6 bxa6 35. Qxe5 Rxg4 36. Rf5 Re8 37. Rg3 Rxg3 38. Qxg3+ Kh8 39. Re5 Qf7 40. Rxe8+ Qxe8 41. Qe5+ Qxe5 42. dxe5 1-0

[Event "Maastricht Limburg op-B 4th"]
[Site "Maastricht"]
[Date "2010.05.23"]
[Round "4"]
[White "Taverniers, Peter"]
[Black "Hill, Nick"]
[Result "1/2-1/2"]
[WhiteElo "1783"]
[BlackElo "1773"]
[PlyCount "97"]
[EventDate "2010.05.21"]
[EventType "swiss"]
[EventRounds "7"]
[EventCountry "NED"]
[SourceTitle "EXT 2011"]
[Source "ChessBase"]
[SourceDate "2010.11.26"]
[SourceVersion "1"]
[SourceVersionDate "2010.11.26"]
[SourceQuality "1"]

1. c4 c6 2. Nc3 Nf6 3. Nf3 d5 4. cxd5 cxd5 5. d4 e6 6. Bf4 Bd6 7. Bxd6 Qxd6 8. e3 0-0 9. Bd3 Bd7 10. 0-0 Bc6 11. Ne5 a6 12. Rc1 b5 13. a3 Bd7 14. f4 b4 15. axb4 Nc6 16. b5 Nb4 17. Nxd7 Qxd7 18. bxa6 Nxd3 19. Qxd3 Rfb8 20. Qe2 Ne8 21. Ra1 Nd6 22. Ra2 Qc6 23. Rfa1 Nc4 24. Nd1 Rb6 25. a7 Rb7 26. Qc2 Na5 27. Qxc6 Nxc6 28. Kf2 g6 29. Ke2 Kf8 30. Kd2 Ke8 31. Nf2 Rbxa7 32. Rxa7 Rxa7 33. Rxa7 Nxa7 34. Kc3 Kd7 35. Ng4 Nb5+ 36. Kb4 Nd6 37. Nf2 Nc4 38. Nd1 Kc6 39. Kc3 Nd6 40. Nf2 h5 41. b3 Kb5 42. g4 hxg4 43. Nxg4 Ne4+ 44. Kc2 Nd6 45. Ne5 Nf5 46. Kd3 Nd6 47. Kc2 Kb4 48. Kb2 Ka5 49. Kc2 1/2-1/2

[Event "Brasschaat op 04th"]
[Site "Brasschaat"]
[Date "2004.08.22"]
[Round "2"]
[White "Taverniers, Peter"]
[Black "Baete, Julien"]
[Result "1/2-1/2"]
[WhiteElo "1629"]
[BlackElo "1689"]
[PlyCount "38"]
[EventDate "2004.08.21"]
[EventType "swiss"]
[EventRounds "9"]
[EventCountry "BEL"]
[SourceTitle "EXT 2017"]
[Source "ChessBase"]
[SourceDate "2016.10.25"]
[SourceVersion "1"]
[SourceVersionDate "2016.10.25"]
[SourceQuality "1"]

1. c4 Nf6 2. Nc3 g6 3. g3 Bg7 4. Bg2 0-0 5. Nf3 d6 6. 0-0 e5 7. d3 Nc6 8. Rb1 Rb8 9. b4 a6 10. a4 Ne8 11. b5 axb5 12. axb5 Ne7 13. e4 f5 14. exf5 Bxf5 15. Nh4 Be6 16. Ne4 Nf6 17. Ng5 Bd7 18. d4 exd4 19. Qxd4 Nf5 1/2-1/2

[Event "Vlaams-ch"]
[Site "Bilzen"]
[Date "2004.05.30"]
[Round "6"]
[White "Taverniers, Peter"]
[Black "Ulenaers, Marc"]
[Result "0-1"]
[WhiteElo "1602"]
[BlackElo "1901"]
[PlyCount "86"]
[EventDate "2004.05.20"]
[EventType "swiss"]
[EventRounds "7"]
[EventCountry "BEL"]
[SourceTitle "EXT 2006"]
[Source "ChessBase"]
[SourceDate "2005.11.24"]
[SourceVersion "1"]
[SourceVersionDate "2005.11.24"]
[SourceQuality "1"]

1. c4 e5 2. Nc3 d6 3. g3 f5 4. Bg2 Nf6 5. d3 Be7 6. f4 0-0 7. Nf3 Nbd7 8. 0-0 c6 9. Ng5 Qb6+ 10. Kh1 Ng4 11. Nh3 exf4 12. Rxf4 Nde5 13. Na4 Qc7 14. Rf1 Rb8 15. b3 Bf6 16. d4 Nf7 17. Qd3 Bd7 18. Nf2 c5 19. Nxg4 Bxd4 20. Bb2 Bxb2 21. Nxb2 fxg4 22. Bd5 Bc6 23. Rf4 Qe7 24. Bxc6 bxc6 25. Rxg4 Ne5 26. Qe3 Rf5 27. Nd3 Rbf8 28. Rf4 g5 29. Rxf5 Rxf5 30. g4 Rf7 31. Nxe5 dxe5 32. Kg2 Rf4 33. h3 Qd6 34. Qd3 Qd4 35. Qxd4 cxd4 36. Rd1 c5 37. Rd3 e4 38. Rd2 e3 39. Rd3 Rf2+ 40. Kg1 Rxe2 41. b4 Rd2 42. bxc5 Rxd3 43. c6 Rc3 0-1

[Event "Vlaams-ch"]
[Site "Bilzen"]
[Date "2004.05.22"]
[Round "3"]
[White "Gijsen, Stief"]
[Black "Taverniers, Peter"]
[Result "0-1"]
[WhiteElo "1694"]
[BlackElo "1694"]
[PlyCount "74"]
[EventDate "2004.05.20"]
[EventType "swiss"]
[EventRounds "7"]
[EventCountry "BEL"]
[SourceTitle "EXT 2006"]
[Source "ChessBase"]
[SourceDate "2005.11.24"]
[SourceVersion "1"]
[SourceVersionDate "2005.11.24"]
[SourceQuality "1"]

1. e4 c6 2. d4 d5 3. Nd2 dxe4 4. Nxe4 Bf5 5. Ng3 Bg6 6. h4 h6 7. Nf3 Nd7 8. h5 Bh7 9. Bd3 Bxd3 10. Qxd3 e6 11. Bf4 Ngf6 12. 0-0-0 Nd5 13. Bd2 Bb4 14. c4 Bxd2+ 15. Qxd2 N5f6 16. Rhe1 0-0 17. Ne5 Qc7 18. Qc2 Rad8 19. f4 Qa5 20. Kb1 Nb6 21. Nf3 Qb4 22. Ne5 Nbd7 23. a3 Qa5 24. Nxd7 Rxd7 25. Re5 Qc7 26. Qe2 Rfd8 27. f5 exf5 28. Nxf5 Kf8 29. d5 cxd5 30. cxd5 Nxd5 31. Rc1 Qb6 32. Qg4 Qf6 33. Rce1 Qg5 34. Qf3 Qf4 35. Qh3 Nf6 36. g3 Rd1+ 37. Ka2 Qc4+ 0-1